Character counts : (Record no. 9254)

MARC details
000 -LEADER
fixed length control field 02174cam a2200397 a 4500
001 - CONTROL NUMBER
control field 39905614
003 - CONTROL NUMBER IDENTIFIER
control field OCoLC
005 - DATE AND TIME OF LATEST TRANSACTION
control field 20210111151204.0
008 - FIXED-LENGTH DATA ELEMENTS--GENERAL INFORMATION
fixed length control field 980910s1999 miu 000 0ceng
010 ## - LIBRARY OF CONGRESS CONTROL NUMBER
LC control number 98044191
020 ## - INTERNATIONAL STANDARD BOOK NUMBER
International Standard Book Number 0801058244 (paper)
020 ## - INTERNATIONAL STANDARD BOOK NUMBER
International Standard Book Number 9780801058240 (paper)
035 ## - SYSTEM CONTROL NUMBER
System control number (OCoLC)39905614
040 ## - CATALOGING SOURCE
Original cataloging agency DLC
Language of cataloging eng
Transcribing agency DLC
Modifying agency BAKER
-- BTCTA
-- YDXCP
-- OCLCG
-- OCLCA
-- QQ3
-- A7U
-- OCLCO
-- OCLCA
-- OCLCF
-- OCLCQ
-- CIRBC
050 00 - LIBRARY OF CONGRESS CALL NUMBER
Classification number BR1702
Item number .C48 1999
082 00 - DEWEY DECIMAL CLASSIFICATION NUMBER
Classification number 270.8/092/2
-- B
Edition number 21
092 0# - LOCALLY ASSIGNED DEWEY CALL NUMBER (OCLC)
Classification number 270.0922
Item number C4691
245 00 - TITLE STATEMENT
Title Character counts :
Remainder of title leadership qualities in Washington, Wilberforce, Lincoln, and Solzhenitsyn /
Statement of responsibility, etc. Os Guinness, editor.
260 ## - PUBLICATION, DISTRIBUTION, ETC.
Place of publication, distribution, etc. Grand Rapids, Mich. :
Name of publisher, distributor, etc. Baker Books,
Date of publication, distribution, etc. ©1999.
300 ## - PHYSICAL DESCRIPTION
Extent 160 pages ;
Dimensions 22 cm
336 ## - CONTENT TYPE
Content type term text
Content type code txt
Source rdacontent
337 ## - MEDIA TYPE
Media type term unmediated
Media type code n
Source rdamedia
338 ## - CARRIER TYPE
Carrier type term volume
Carrier type code nc
Source rdacarrier
505 00 - FORMATTED CONTENTS NOTE
Title Introduction /
Statement of responsibility Os Guinness --
Miscellaneous information George Washington.
Title A leader for the multitude /
Statement of responsibility Alonzo L. McDonald ;
Title To bigotry no sanction /
Statement of responsibility Paul F. Boller, Jr. --
Miscellaneous information William Wilberforce.
Title A life of significance /
Statement of responsibility J. Douglas Holladay ;
Title A man who changed his times /
Statement of responsibility John Pollock --
Miscellaneous information Abraham Lincoln.
Title The spiritual growth of a public man /
Statement of responsibility Alonzo L. McDonald ;
Title Theologian of American anguish /
Statement of responsibility Elton Trueblood --
Miscellaneous information Aleksandr I. Solzhenitsyn.
Title The writer underground /
Statement of responsibility Alonzo L. McDonald ;
Title The oak and the calf /Aleksandr I. Solzhenitsyn.
520 1# - SUMMARY, ETC.
Summary, etc. "Character Counts contains brief biographical and reflective chapters about four remarkable world figures who not only withstood the extreme adversities of their offices and circumstances but flourished and grew under pressure to become people who made a difference in their times."--Jacket.
600 10 - SUBJECT ADDED ENTRY--PERSONAL NAME
Personal name Washington, George,
Dates associated with a name 1732-1799
General subdivision Psychology.
600 10 - SUBJECT ADDED ENTRY--PERSONAL NAME
Personal name Wilberforce, William,
Dates associated with a name 1759-1833.
600 10 - SUBJECT ADDED ENTRY--PERSONAL NAME
Personal name Lincoln, Abraham,
Dates associated with a name 1809-1865
General subdivision Psychology.
600 10 - SUBJECT ADDED ENTRY--PERSONAL NAME
Personal name Solzhenit︠s︡yn, Aleksandr Isaevich,
Dates associated with a name 1918-2008.
650 #0 - SUBJECT ADDED ENTRY--TOPICAL TERM
Topical term or geographic name entry element Christian biography.
650 #0 - SUBJECT ADDED ENTRY--TOPICAL TERM
Topical term or geographic name entry element Character
Form subdivision Case studies.
650 #0 - SUBJECT ADDED ENTRY--TOPICAL TERM
Topical term or geographic name entry element Leadership.
655 #7 - INDEX TERM--GENRE/FORM
Genre/form data or focus term Case studies.
Source of term fast
Authority record control number or standard number (OCoLC)fst01423765
700 1# - ADDED ENTRY--PERSONAL NAME
Personal name Guinness, Os.
942 ## - ADDED ENTRY ELEMENTS (KOHA)
Source of classification or shelving scheme Dewey Decimal Classification
Koha item type Books
Holdings
Withdrawn status Lost status Source of classification or shelving scheme Damaged status Not for loan Collection code Home library Current library Shelving location Date acquired Total Checkouts Full call number Barcode Date last seen Price effective from Koha item type
    Dewey Decimal Classification     Non-fiction Harvest Mission College Harvest Mission College General Stacks 15.01.2021   270.8 G964C 010594 15.01.2021 15.01.2021 Books

OPAC Designed and Maintained by HMC Library Team.
Copyright © HMC Library,Greater Noida, UP.
For any Suggestions/Query Contact library via Email:libhmc@gmail.com